Retrouvez ces joueurs de football #5 - Statistiques

Statistiques générales
  • Ce quiz a été pris 858 fois
  • Le résultat moyen est 7 sur 15
Statistiques - réponses
Par images Réponse % Correct
Angel Di Maria
96%
Rafael Leao
71%
Kasper Schmeichel
65%
Édouard Mendy
62%
Luuk de Jong
53%
Martin Braithwaite
53%
Raphael Guerreiro
52%
Chancel Mbemba
42%
Nicolas Otamendi
42%
Hakim Ziyech
39%
Toby Alderweireld
36%
Stefan de Vrij
32%
Thorgan Hazard
31%
Wout Weghorst
27%
Artem Dzyuba
19%
Aucun quiz correspondant
Distribution des résultats
% des personnes avec chaque résultat
Percentile par nombre de réponses
Votre historique - résultats
Vous n’avez pas pris ce quiz